000 01053nam a22002417a 4500
999 _c63357
_d63357
005 20240530110636.0
008 170925s2016 ua f b 000 0 ara d
017 _a2016/3474
_bمصر. دار الكتب
020 _a9789771812197
040 _aEG-CaGPL
_cEG-CaGPL
082 0 4 _221
_a363.20962
_bق/ع ب
100 0 _aعبدالوهاب بكر .
245 1 2 _aالبوليس المصرى :
_bمدخل لتاريخ الادارة المصرية 1805 - 1922 /
_cعبدالوهاب بكر ؛ اعداد و تحرير مسئولة عطية على ، صفاء محمد شاكر .
250 _aط.1
260 _aالقاهرة :
_bمطبعة دار الكتب و الوثائق القومية بالقاهرة ،
_c2016 .
300 _a411 ص ؛
_c24 سم .
650 0 7 _2qrmak
_aالشرطة
_zمصر .
650 0 7 _2qrmak
_aالشرطة
_xتنظيم و ادارة .
700 0 _aمسئولة عطية على
_eمعد و محرر .
700 0 _aصفاء محمد شاكر
_eمعد و محرر .
942 _2ddc
_cBK